000
00280nam a2200109Ia 4500
008
191201s2019 xx 000 0 und d
100
_a
BEER, Ferding & P
245
0
_a
Vector mechanics for engineers statics/dynamics
260
_b
TMH
_a
NEW DELHI
300
_a
1395
942
_2
ddc
_c
BK
999
_c
8184
_d
8184